000 00629cam a22001455a 4500
008 240829s2024 xxk fo 001 0 eng d
041 0 _aeng
110 2 _aRoyal Institution of Chartered Surveyors
245 0 0 _aGovernance Procedures and Processes
_b(made as Standing Orders) as approved by Governing Council
_h[Electronic resource]
260 _aLondon,
_bRICS,
_cJune 2024
300 _a12p
651 4 _aInternational
856 4 1 _uhttps://www.rics.org/content/dam/ricsglobal/documents/about-rics/corporate-governance/Governance-procedures-and-processes-standing-orders_June2024.pdf
_zAvailable on RICS.org
942 _n0
999 _c121988
_d121988